Social entrepreneurship : (Record no. 275949)
[ view plain ]
| 000 -LEADER | |
|---|---|
| fixed length control field | 01989cam a22003258i 4500 |
| 001 - CONTROL NUMBER | |
| control field | 18016989 |
| 003 - CONTROL NUMBER IDENTIFIER | |
| control field | SISC |
| 005 - DATE AND TIME OF LATEST TRANSACTION | |
| control field | 20170125114040.0 |
| 008 - FIXED-LENGTH DATA ELEMENTS--GENERAL INFORMATION | |
| fixed length control field | 140123s2014 cau b 001 0 eng |
| 010 ## - LIBRARY OF CONGRESS CONTROL NUMBER | |
| LC control number | 2013048860 |
| 020 ## - INTERNATIONAL STANDARD BOOK NUMBER | |
| International Standard Book Number | 9781118356487 (pbk.) |
| 040 ## - CATALOGING SOURCE | |
| Original cataloging agency | DLC |
| Language of cataloging | eng |
| Transcribing agency | DLC |
| Description conventions | rda |
| 042 ## - AUTHENTICATION CODE | |
| Authentication code | pcc |
| 050 00 - LIBRARY OF CONGRESS CALL NUMBER | |
| Classification number | HD 60 |
| Item number | .G7556 2014 |
| 082 00 - DEWEY DECIMAL CLASSIFICATION NUMBER | |
| Classification number | 658.4/08 |
| 100 1# - MAIN ENTRY--PERSONAL NAME | |
| Personal name | Guo, Chao. |
| Dates associated with a name | 1971- |
| 245 10 - TITLE STATEMENT | |
| Title | Social entrepreneurship : |
| Remainder of title | an evidence-based approach to creating social value / |
| Statement of responsibility, etc | Chao Guo and Wolfgang Bielefeld. |
| 260 ## - PUBLICATION, DISTRIBUTION, ETC. (IMPRINT) | |
| Place of publication, distribution, etc | U.S.A. : |
| Name of publisher, distributor, etc | John Wiley & Sons, Inc., |
| Date of publication, distribution, etc | 2014. |
| 263 ## - PROJECTED PUBLICATION DATE | |
| Projected publication date | 1402 |
| 300 ## - PHYSICAL DESCRIPTION | |
| Extent | 326 pages : |
| Other physical details | illustrations ; |
| Dimensions | 24 cm. |
| 504 ## - BIBLIOGRAPHY, ETC. NOTE | |
| Bibliography, etc | Includes bibliographical references and index. |
| 505 0# - FORMATTED CONTENTS NOTE | |
| Formatted contents note | Tables, figures, and exhibit -- The authors -- Introduction: understanding and using social entrepreneurship -- Social entrepreneurship : concept and context -- The many faces of social entrepreneurship -- Social entrepreneurship as organizational behavior -- Understanding and managing the social entrepreneurial process -- Discovering and creating social entrepreneurial opportunities -- From opportunity to action -- From action to impact -- Funding social entrepreneurship -- Social intrapreneurship: innovation from within -- Managing the social intrapreneurial process -- The emerging trends and issues -- Social entrepreneurship in the public sector -- Boundary spanning and social entrepreneurship -- New media and social entrepreneurship -- Conclusion: the road traveled and the journey ahead -- Notes -- Index. |
| 521 ## - TARGET AUDIENCE NOTE | |
| Target audience note | Business Administration |
| 650 #0 - SUBJECT ADDED ENTRY--TOPICAL TERM | |
| Topical term or geographic name as entry element | Social entrepreneurship. |
| 700 1# - ADDED ENTRY--PERSONAL NAME | |
| Personal name | Bielefeld, Wolfgang. |
| 776 08 - ADDITIONAL PHYSICAL FORM ENTRY | |
| Display text | Online version: |
| Main entry heading | Guo, Chao, 1971- |
| Title | Social entrepreneurship |
| Place, publisher, and date of publication | San Francisco : Jossey-Bass & Pfeiffer Imprints, Wiley, 2014 |
| International Standard Book Number | 9781118844137 |
| Record control number | (DLC) 2014003233 |
| 906 ## - LOCAL DATA ELEMENT F, LDF (RLIN) | |
| a | 7 |
| b | cbc |
| c | orignew |
| d | 1 |
| e | ecip |
| f | 20 |
| g | y-gencatlg |
| 942 ## - ADDED ENTRY ELEMENTS (KOHA) | |
| Source of classification or shelving scheme | Library of Congress Classification |
| Koha item type | Books |
| Call number prefix | Foreign |
| Withdrawn status | Lost status | Source of classification or shelving scheme | Damaged status | Home library | Current library | Shelving location | Date acquired | Source of acquisition | Cost, normal purchase price | Total Checkouts | Total Renewals | Full call number | Barcode | Date last seen | Date checked out | Price effective from | Koha item type |
|---|---|---|---|---|---|---|---|---|---|---|---|---|---|---|---|---|---|
| Library of Congress Classification | College Library | College Library | Reserve Section | 09/30/2014 | Library Fund | 5521.00 | 2 | 16 | HD 60 .G7556 2014 | C18742 | 07/29/2019 | 07/22/2019 | 09/30/2014 | Books |